| 000 | 01249cam a22002054a 4500 | ||
|---|---|---|---|
| 005 | 20250605164054.0 | ||
| 008 | 250528s ||||||||||||||||||||||||d | ||
| 035 | _a17388 | ||
| 020 | _a393950026 | ||
| 040 |
_aGR-AtMCL _bgre _dGR-AtMCL _eAACR2 |
||
| 245 | 1 | _aMicroeconomics / Theory and Applications | |
| 250 | _a3rd | ||
| 260 |
_bW.W. Norton & Company, _c1979 |
||
| 300 | _a552 | ||
| 520 | _aPreface, Introduction to Microeconomics, Demand and Supply, The Tastes and Preferences of the Consumer, Consumer Behavior and Individual Demand, Market Demand, The Firm and Its Technology, Optimal Input Combinations and Cost Functions, Optimal Production Decisions and Linear Programming, Price and Output under Perfect Competition, Price and Output under Pure Monopoly, Price and Output under Monopolistic Competition, Price and Output under Oligopoly, Price and Employment of Inputs under Perfect Competition, Price and Employment of Inputs under Imperfect Competition, General Equilibrium Analysis and Resource Allocation, Welfare Economics, Public Goods and Externalities and the Role of Government, Intertemporal Choice and Technological Change, Index. | ||
| 700 | 1 |
_aMansfield Edwin _93544 |
|
| 942 | _cBK | ||
| 999 |
_c2811 _d2811 |
||